[Event "New Delhi"]
[Site "Delhi"]
[Date "1982.??.??"]
[Round "11"]
[White "Thipsay, Praveen Mahadeo"]
[Black "Taimanov, Mark E"]
[Result "1-0"]
[WhiteElo "2430"]
[BlackElo "2510"]

1.e4 c5 2.Nf3 Nc6 3.d4 cxd4 4.Nxd4 e6 5.Nc3 a6 6.Be2 Qc7 7.Be3 Nf6 8.O-O Bb4
9.Na4 Be7 10.Nxc6 bxc6 11.Nb6 Rb8 12.Nxc8 Qxc8 13.e5 Nd5 14.Bc1 c5 15.Re1 O-O
16.Bf3 Nb4 17.Bf4 Nc6 18.Rb1 Rb4 19.Be4 f5 20.exf6 Rxf6 21.c3 Rb6 22.Be3 d5
23.Bc2 Rf7 24.Qg4 Bf8 25.b4 d4 26.cxd4 cxd4 27.Bxd4 Nxd4 28.Qxd4 Rxb4 29.Rxb4 Bxb4
30.Bxh7+ Kxh7 31.Qxb4 Qc2 32.Qe4+ Qxe4 33.Rxe4 Rc7 34.g3 Rc6 35.Kg2 Kg6 36.Kf3 Kf6
37.Ra4 Ke5 38.Kg4 Kd6 39.Kg5 e5 40.Kg6 Kd5+ 41.Kxg7 Rc2 42.h4 Rxf2 43.h5 e4
44.h6 Rf3 45.g4 Rg3 46.Ra5+ Kd4 47.h7 Rxg4+ 48.Kh6  1-0

[Event "Dortmund"]
[Site "Dortmund"]
[Date "1982.??.??"]
[Round "4"]
[White "Marjanovic, Slavoljub"]
[Black "Ostermeyer, Peter"]
[Result "1/2-1/2"]
[WhiteElo "2515"]
[BlackElo "2410"]

1.e4 c5 2.Nf3 e6 3.d4 cxd4 4.Nxd4 Nc6 5.Nc3 a6 6.Be2 Qc7 7.O-O Nf6 8.Kh1 Be7
9.f4 d6 10.a4 O-O 11.Be3 Bd7 12.Nb3 Nb4 13.a5 Bc6 14.Bf3 Rac8 15.Qe2 Rfe8
16.Rfc1 e5 17.Qd2 Bf8 18.Bb6 Qd7 19.fxe5 dxe5 20.Qf2 Bb5 21.Nxb5 Qxb5 22.Be2 Qd7
23.Bf3 Qe6 24.h3 Qc4 25.Nd2 Qc6 26.b3 Qc3 27.Nc4 Nc6 28.Be3 Rcd8 29.Bg5 Be7
30.Ne3 Nxe4 31.Bxe4 Bxg5 32.Nd5 Qd2 33.Qxd2 Bxd2 34.Rd1 Bxa5 35.c3 Rb8 36.b4 Bd8
37.Ne3 Bg5 38.Nc4 Na7 39.Rd7 Nb5 40.Bd5 Re7 41.Rxe7 Bxe7 42.Nxe5 Nxc3 43.Bxf7+ Kh8
44.Bb3 g6 45.Nd3 Rd8 46.Bc2 Rd4 47.Re1 Bxb4 48.Re8+ Kg7 49.Rb8 b5 50.Rb7+ Kh6
51.g4 Re4 52.Kg2 Re7 53.Rb6 Nd5 54.Rc6 Re2+ 55.Kg1 Ba5 56.Bb3 Nb4 57.Nxb4 Bxb4
58.Rxa6 Kg5 59.Re6 Rb2 60.Bd1 Kh4 61.Kf1 Kxh3 62.Re3+ Kh4 63.Rb3 Rxb3 64.Bxb3 Bc5
65.Bd1 Kg3 66.Ke1 Kf4 67.Kd2 Ke4 68.Be2 b4 69.Bd1 Bf2 70.Kc2 Be1 71.Be2 Ke3
72.Bd1 Bc3 73.Kb3 Kd3 74.Bf3 Kd2 75.Ka2 Kc2 76.Be4+ Kc1 77.Bf3 Bf6  1/2-1/2

[Event "Eksjo"]
[Site "Eksjo"]
[Date "1982.??.??"]
[Round "3"]
[White "Wedberg, Tom"]
[Black "Nun, Jiri"]
[Result "1-0"]
[WhiteElo "2435"]
[BlackElo "2360"]

1.e4 c5 2.Nf3 e6 3.d4 cxd4 4.Nxd4 Nc6 5.Nc3 Nf6 6.Bf4 d6 7.Ndb5 e5 8.Bg5 a6
9.Na3 Be6 10.Nc4 Rc8 11.Nd5 Bxd5 12.Bxf6 gxf6 13.Qxd5 b5 14.Ne3 Bh6 15.Bd3 Bxe3
16.fxe3 Na5 17.a4 Rc5 18.Qa2 Nc4 19.axb5 axb5 20.O-O Nxe3 21.b4 Rc8 22.Rf3 Nc4
23.Qa6 Qd7 24.Rxf6 O-O 25.Qa7 Qxa7+ 26.Rxa7 Kg7 27.Rf2 Kg8 28.h3 Rc6 29.Kh2 Kg7
30.g4 h6 31.Kg3 Rb6 32.h4 Nb2 33.Bf1 Nc4 34.Be2 Rc6 35.Bd3 Rb6 36.Kh3 Rc6
37.Rb7 Na3 38.Ra7 Nc4 39.Rg2 Ne3 40.Re2 Nc4 41.Rf2 Rb6 42.Bxc4 bxc4 43.c3 d5
44.exd5 Rd6 45.Rc7 Rxd5 46.Rxc4 Rd7 47.Kg3 Re8 48.Re4 f6 49.c4 Rb8 50.c5 Rdb7
51.Rb2 Rb5 52.Rc4 Kf7 53.c6 Rc8 54.Rd2 Ke6 55.Kf3 Rc7 56.Ke4 Rb6 57.Rdc2 Kd6
58.Rd2+ Ke6 59.Rdc2 Kd6 60.Rf2 Ke6 61.g5 hxg5 62.hxg5 fxg5 63.b5 Rxb5 64.Rh2 Rf7
65.Rh6+ Ke7 66.Rc2 Rf4+ 67.Ke3 Rb3+ 68.Ke2 Rb8 69.Ra2 Rbf8 70.Ra7+ Kd8 71.Rhh7  1-0

[Event "Gausdal Int"]
[Site "Gausdal"]
[Date "1982.??.??"]
[Round "1"]
[White "Arnason, Jon L"]
[Black "Delaune, Richard K"]
[Result "1/2-1/2"]
[WhiteElo "2455"]
[BlackElo "2410"]

1.e4 c5 2.Nf3 e6 3.d4 cxd4 4.Nxd4 Nc6 5.Nc3 Nf6 6.Ndb5 d6 7.Bf4 e5 8.Bg5 a6
9.Na3 b5 10.Nd5 Be7 11.Bxf6 Bxf6 12.c3 Rb8 13.Bd3 Be6 14.Bc2 Bg5 15.Qd3 O-O
16.Rd1 Kh8 17.O-O f5 18.Qh3 g6 19.exf5 Bxf5 20.Bxf5 Rxf5 21.Nc2 Rb7 22.Nce3 Rf8
23.Qg4 Rbf7 24.Qe4 Qb8  1/2-1/2

[Event "Gausdal Int"]
[Site "Gausdal"]
[Date "1982.??.??"]
[Round "1"]
[White "Ciric, Dragoljub M"]
[Black "Ogaard, Leif"]
[Result "1/2-1/2"]
[WhiteElo "2405"]
[BlackElo "2510"]

1.e4 c5 2.Nf3 e6 3.d4 cxd4 4.Nxd4 Nc6 5.Nc3 a6 6.g3 d6 7.Bg2 Bd7 8.O-O Nf6
9.b3 Rc8 10.Bb2 Be7 11.Nce2 b5 12.h3 Qb6 13.Rc1 O-O 14.g4 d5 15.exd5 Nxd5
16.c4 bxc4 17.Rxc4 Bf6 18.Qd2 h6 19.Nxc6 Bxc6 20.Bd4 Bxd4 21.Qxd4 Qxd4 22.Nxd4 Bb7
23.Ne2 Rcd8 24.Nf4 Nxf4 25.Rxf4 Bxg2 26.Kxg2  1/2-1/2

[Event "Gausdal Int"]
[Site "Gausdal"]
[Date "1982.??.??"]
[Round "1"]
[White "Kudrin, Sergey"]
[Black "Shamkovich, Leonid"]
[Result "0-1"]
[WhiteElo "2480"]
[BlackElo "2490"]

1.e4 c5 2.Nf3 Nc6 3.d4 cxd4 4.Nxd4 e6 5.Nc3 d6 6.g3 Nf6 7.Bg2 Bd7 8.O-O Be7
9.Be3 O-O 10.f4 a6 11.Nb3 Rc8 12.a4 Na5 13.Nxa5 Qxa5 14.g4 h5 15.g5 Ng4 16.Bd4 Rc4
17.h3 d5 18.Kh1 Qb4 19.Ne2 Rxd4 20.Qxd4 Qxd4 21.Nxd4 Ne3 22.Rfe1 Nxg2 23.Kxg2 dxe4
24.Rxe4 Rc8 25.c3 Rc4 26.Kf3 Rxa4 27.Rxa4 Bxa4 28.f5 Bxg5 29.fxe6 fxe6 30.Rxe6 Bd7
31.Rb6 Bxh3 32.Rxb7 Bg4+ 33.Kg3 Bf6 34.Nf3 Bf5 35.c4 g5 36.c5 h4+ 37.Kf2 g4
38.c6 gxf3 39.c7 Bg4  0-1

[Event "Gausdal Jubilee"]
[Site "Gausdal"]
[Date "1982.??.??"]
[Round "7"]
[White "Gruenfeld, Yehuda"]
[Black "Plaskett, Jim"]
[Result "1/2-1/2"]
[WhiteElo "2505"]
[BlackElo "2405"]

1.e4 c5 2.Nf3 e6 3.d4 cxd4 4.Nxd4 Nc6 5.Nc3 Qc7 6.g3 a6 7.Bg2 Nf6 8.O-O Be7
9.Re1 Nxd4 10.Qxd4 Bc5 11.Qd1 d6 12.Be3 e5 13.Qd2 Be6 14.a3 Rc8 15.h3 Ke7
16.Kh2 Rhd8 17.Bxc5 Qxc5 18.f4 b5 19.f5 Bd7 20.g4 h6 21.Bf3 a5 22.Rac1 Bc6
23.h4 b4 24.Nd5+ Bxd5 25.exd5 Qc4 26.Kg3 Rc5 27.c3 b3 28.Rcd1 Kd7 29.g5 hxg5
30.hxg5 Rh8 31.gxf6 Qh4+ 32.Kg2 Rc4 33.Rh1 Rg4+ 34.Bxg4 Qxg4+ 35.Kf2 Qxf5+
36.Ke2 Rxh1 37.Rxh1 Qe4+ 38.Qe3 Qg2+  1/2-1/2

[Event "Gausdal Int"]
[Site "Gausdal"]
[Date "1982.??.??"]
[Round "8"]
[White "Semakoff, Aleks"]
[Black "Bergstrom, Christer"]
[Result "0-1"]
[WhiteElo "2250"]
[BlackElo "2360"]

1.e4 c5 2.Nf3 Nc6 3.Nc3 e6 4.d4 cxd4 5.Nxd4 a6 6.g3 Qc7 7.Bg2 Nf6 8.O-O Nxd4
9.Qxd4 Bc5 10.Bf4 d6 11.Qd2 h6 12.Rad1 e5 13.Be3 Bg4 14.f3 Be6 15.Bxc5 dxc5
16.Nd5 Bxd5 17.exd5 Qd6 18.f4 O-O 19.fxe5 Qxe5 20.c4 Qd6 21.Qf4 Rad8 22.Rde1 Qxf4
23.Rxf4 Rfe8 24.Kf2 Rxe1 25.Kxe1 Ne8 26.Kd2 Nd6 27.b3 g5 28.Rf2 Kg7 29.Re2 b5
30.cxb5 axb5 31.Kd3 Ra8 32.a4 bxa4 33.Ra2 a3 34.Kc3 Kf6 35.b4 cxb4+ 36.Kxb4 Ke5
37.Rxa3 Rb8+ 38.Kc5 Rc8+ 39.Kb4 Rc2 40.Bf3 Rxh2 41.Ra1 Rf2 42.Re1+ Kf6 43.Bh5 Rc2
44.Rf1+ Ke5 45.Bxf7 Nxf7 46.Rxf7 Kxd5 47.Re7 Rg2 48.Rh7 Rxg3 49.Rxh6 g4 50.Rh8 Rd3
51.Rg8 g3 52.Rg7 Ke4 53.Kc4 Ra3  0-1

[Event "Gausdal Jubilee"]
[Site "Gausdal"]
[Date "1982.??.??"]
[Round "8"]
[White "De Firmian, Nick E"]
[Black "Ogaard, Leif"]
[Result "1-0"]
[WhiteElo "2470"]
[BlackElo "2485"]

1.e4 c5 2.Nf3 e6 3.d4 cxd4 4.Nxd4 Nc6 5.Nc3 a6 6.g3 d6 7.Bg2 Bd7 8.O-O Nf6
9.a4 Be7 10.Nde2 O-O 11.h3 Rb8 12.g4 b5 13.axb5 axb5 14.Ng3 b4 15.Nce2 Rb5
16.g5 Ne8 17.f4 e5 18.h4 f6 19.c4 Ra5 20.Rxa5 Qxa5 21.f5 Qc5+ 22.Kh2 fxg5
23.hxg5 Qxc4 24.Bh3 Bd8 25.Be3 Na5 26.Nc1 Nb7 27.b3 Qf7 28.g6  1-0

[Event "Gausdal Int"]
[Site "Gausdal"]
[Date "1982.??.??"]
[Round "9"]
[White "Guddahl, Viggo"]
[Black "De Lange, Daan"]
[Result "1/2-1/2"]
[WhiteElo "2220"]
[BlackElo "2210"]

1.e4 c5 2.Nf3 Nc6 3.d4 cxd4 4.Nxd4 e6 5.Nc3 Qc7 6.Nxc6 bxc6 7.Bd3 Nf6 8.O-O Be7
9.f4 d6 10.Kh1 O-O 11.Qe2 e5 12.fxe5 dxe5 13.Nd1 Be6 14.Bg5 Ng4 15.Bd2 g6
16.Ne3 Nf6 17.Nc4 Nh5 18.Qf3 f6 19.g4 Ng7 20.Bh6 Qd7 21.Ne3 Bc5 22.Bc4 Bxe3
23.Bxe6+ Qxe6 24.Bxe3 Rf7 25.h3 h5 26.Bh6 hxg4 27.hxg4 Ne8 28.Bd2 Nd6 29.Bb4 Rh7+
30.Kg2 Nf7 31.Bd2 Kg7 32.Rh1 Rah8 33.Rxh7+ Rxh7 34.b3 Qd6 35.Be3 Qa3 36.Rf1 Qe7
37.c4 a6 38.Kg3 Nd8 39.Rh1 Ne6 40.Rxh7+ Kxh7 41.Qh1+ Kg8 42.Qd1 g5 43.Kg2 Nf8
44.Qd3 Qh7 45.Bf2 Ne6 46.Bg3 Qe7 47.Kf1 Nc5 48.Qf3 Kg7 49.Bf2 Ne6 50.Qd1 Kf7
51.Bb6 Ke8 52.Qd2 Nf4 53.Qh2 Qg7 54.Qd2 Qd7 55.Qxd7+ Kxd7 56.b4 Nd3 57.Ba5 Nb2
58.c5 Na4 59.Ke2 Nc3+ 60.Kd3 Nb5 61.Ke2 Nd4+ 62.Ke3 Ne6 63.Kf3 Nf4 64.Ke3 Ne6
65.Kd3 Nd4 66.Ke3 Ke6 67.Kf2 Nb5 68.Ke3 Nc3 69.Kd3 Nd1 70.Ke2  1/2-1/2

[Event "Gausdal Int"]
[Site "Gausdal"]
[Date "1982.??.??"]
[Round "9"]
[White "Shamkovich, Leonid"]
[Black "Bletz, Harald"]
[Result "1-0"]
[WhiteElo "2490"]
[BlackElo "2200"]

1.e4 c5 2.Nc3 e6 3.Nge2 Nc6 4.d4 cxd4 5.Nxd4 Nf6 6.Ndb5 d6 7.Bf4 e5 8.Bg5 a6
9.Na3 b5 10.Bxf6 gxf6 11.Nd5 f5 12.Bd3 Be6 13.Qh5 Bg7 14.O-O f4 15.c4 b4
16.Nc2 Rb8 17.b3 O-O 18.a3 bxa3 19.b4 Qd7 20.Rxa3 h6 21.Rb1 Qc8 22.Qd1 Kh8
23.Qd2 f5 24.Rba1 Bxd5 25.cxd5 Ne7 26.Rxa6 fxe4 27.Bxe4 Qc4 28.f3 Rfd8 29.Ra7 Ng8
30.Qf2 Rdc8 31.Rf7 Rc7 32.Rxc7 Qxc7 33.Qa7 Rb7 34.Qa6 Rb6 35.Qa8 Rb7 36.Ra6 Rxb4
37.Rc6 Rb8 38.Qa3 Qe7 39.Qxd6 Qa7+ 40.Qc5 Qa4 41.Rb6 Rd8 42.Rb7 Rd7 43.Qc6 Qxc6
44.dxc6 Rd1+ 45.Kf2 Nf6 46.Rb8+  1-0

[Event "EU-ch U20"]
[Site "Groningen"]
[Date "1982.??.??"]
[Round "6"]
[White "Cramling, Pia"]
[Black "Gudmundsson, Elvar"]
[Result "1-0"]
[WhiteElo "2260"]
[BlackElo "2320"]

1.e4 c5 2.Nf3 e6 3.d4 cxd4 4.Nxd4 Nc6 5.Nc3 a6 6.g3 Qc7 7.Bg2 Nf6 8.O-O Nxd4
9.Qxd4 Bc5 10.Bf4 Bxd4 11.Bxc7 Bxc3 12.bxc3 d5 13.exd5 Nxd5 14.Be5 f6 15.c4 fxe5
16.cxd5 b5 17.Rfe1 exd5 18.Rxe5+ Kf7 19.Bxd5+ Kf6 20.Re4 Ra7 21.Rae1 g6 22.a4 Bf5
23.Rf4 Rc8 24.Bb3 Kg7 25.Re2 Rac7 26.axb5 axb5 27.g4 Bxc2 28.Bxc2 Rxc2 29.Re7+ Kg8
30.Rff7 h5 31.Rg7+ Kh8 32.Rh7+ Kg8 33.Reg7+ Kf8 34.Rb7 Kg8 35.Rhg7+ Kh8 36.Rxg6 hxg4
37.Rxb5 R8c5 38.Rxc5 Rxc5 39.Rxg4 Kh7 40.Kg2 Rc3 41.Rg3 Rc2 42.Rg5 Rc3 43.f3 Ra3
44.Kg3 Rb3 45.h4 Rb4 46.f4 Rb1 47.Kg4 Rh1 48.h5 Ra1 49.Rg6 Rg1+ 50.Kf5 Rh1
51.Kg5 Rg1+ 52.Kf6 Rh1 53.Rg7+ Kh6 54.Rg8 Kh7 55.Rg5 Ra1 56.Rd5 Rh1 57.Ke6 Rh4
58.f5 Rxh5 59.f6 Rh1 60.Kf7 Kh6 61.Kf8  1-0

[Event "Jarvenpaa"]
[Site "Jarvenpaa"]
[Date "1982.??.??"]
[Round "2"]
[White "Raaste, Eero J"]
[Black "Ogaard, Leif"]
[Result "0-1"]
[WhiteElo "2400"]
[BlackElo "2510"]

1.e4 c5 2.Nf3 e6 3.d4 cxd4 4.Nxd4 Nc6 5.Nc3 a6 6.Be2 Qc7 7.O-O Nf6 8.Be3 Bb4
9.f3 O-O 10.Nb3 d5 11.Bg5 Bxc3 12.bxc3 Rd8 13.Bxf6 gxf6 14.Qe1 Qf4 15.Rd1 a5
16.a4 Ne7 17.Qf2 Qc7 18.c4 Bd7 19.cxd5 exd5 20.exd5 Qxc2 21.Nc5 Nf5 22.Ne4 Bxa4
23.g4 Nd6 24.Nxf6+ Kf8 25.Rde1 Ne8 26.Qd4 Nxf6 27.Bd3 Qc6 28.Re8+ Qxe8 29.Qxf6 Qe3+
30.Kh1 Qxd3 31.Qh8+ Ke7 32.Re1+ Kd7 33.Qf6 Qxd5 34.Re7+ Kc8 35.Kg2 Ra6 36.Qf4  0-1

[Event "EUchT qual"]
[Site "Luzern"]
[Date "1982.??.??"]
[Round "1"]
[White "Kagan, Shimon"]
[Black "Wirthensohn, Heinz"]
[Result "1/2-1/2"]
[WhiteElo "2425"]
[BlackElo "2435"]

1.e4 c5 2.Nf3 e6 3.d4 cxd4 4.Nxd4 Nc6 5.Nc3 d6 6.g3 Nf6 7.Bg2 Bd7 8.O-O Be7
9.Nce2 Nxd4 10.Qxd4 b5 11.c4 bxc4 12.Qxc4 O-O 13.Nc3 Rb8 14.Qe2 Qa5 15.Rd1 Rfc8
16.Be3 Bc6 17.Rd2 Nd7 18.Rc1 Ne5 19.Rd4 Bb5 20.Nxb5 Rxc1+ 21.Bxc1 Rxb5 22.Be3 Rb8
23.b3 Nc6 24.Ra4 Qc7 25.Ra6 Qb7 26.b4 Ra8 27.b5 Ne5 28.a4 Nd7 29.Qc2 e5 30.Qc6 Qxc6
31.Rxc6 Nc5 32.Bxc5 dxc5 33.Bf1 Bd8 34.Bc4 Bb6 35.Kf1 Kf8 36.Bd5 Rd8 37.Ke2 Ke7
38.Kd3 Rd6 39.Rxd6 Kxd6 40.Bxf7 c4+ 41.Kxc4 Bxf2 42.a5 Be1 43.a6 Bf2 44.Kd3 Kc5
45.Ke2 Bg1 46.Be8 Kd6 47.Kf3 Kc5 48.h4 h6 49.Bc6 Kb6 50.h5 Kc5 51.g4 Bh2
52.g5 Bf4 53.g6 Bg5 54.Kg4 Bd8 55.Kf5 Kd6  1/2-1/2

[Event "Luzern ol (Men)"]
[Site "Luzern"]
[Date "1982.??.??"]
[Round "2"]
[White "Sanz Alonso, Francisco Javier"]
[Black "Yap, Andronico"]
[Result "1/2-1/2"]
[WhiteElo "2365"]
[BlackElo "2385"]

1.e4 c5 2.Nf3 e6 3.Nc3 Nc6 4.d4 cxd4 5.Nxd4 a6 6.g3 Nge7 7.Nb3 d6 8.Bg2 Bd7
9.O-O Nc8 10.a4 Be7 11.Be3 O-O 12.a5 Ne5 13.Qe2 Qc7 14.Nd2 Bf6 15.Ra3 Nc6
16.Rfa1 N8a7 17.Bb6 Qb8 18.Rd1 Nd4 19.Qd3 Nac6 20.Ra4 Nb5 21.Nxb5 axb5 22.Raa1 Bxb2
23.Rab1 Bf6 24.Qxb5 Be8 25.Nf3 Nxa5 26.Qb4 Nc6 27.Qxd6 Qxd6 28.Rxd6 Ra2 29.Rd2 Be7
30.c3 Ra3 31.Be3 Rxc3 32.Rxb7 Bc5 33.Bxc5 Rxc5 34.Rb1 h6 35.h4 Na5 36.Rd8 Bc6
37.Rbb8 Rxd8 38.Rxd8+ Kh7 39.Rc8 Nb3 40.Ne5 Rxe5  1/2-1/2

[Event "Luzern ol (Men)"]
[Site "Luzern"]
[Date "1982.??.??"]
[Round "2"]
[White "Morovic Fernandez, Ivan"]
[Black "Polugaevsky, Lev"]
[Result "0-1"]
[WhiteElo "2450"]
[BlackElo "2610"]

1.e4 c5 2.Nf3 Nc6 3.d4 cxd4 4.Nxd4 e6 5.Nc3 a6 6.Be2 d6 7.O-O Nf6 8.Be3 Be7
9.f4 O-O 10.a4 Re8 11.Kh1 Qc7 12.Bd3 Nxd4 13.Bxd4 e5 14.Be3 Bg4 15.Qd2 exf4
16.Rxf4 Be6 17.Nd5 Bxd5 18.exd5 Nd7 19.Bd4 Ne5 20.Rf5 g6 21.Rf2 Bf8 22.Raf1 f5
23.Be2 Bg7 24.g4 Nxg4 25.Bxg4 Bxd4 26.Qxd4 Re4 27.Qf6 Rxg4 28.h3 Rxa4 29.Rxf5 Re4
30.Qf7+ Qxf7 31.Rxf7 Rc8 32.c3 Re1 33.Rxe1 Kxf7 34.Re6 Rc5 35.Rxd6 Ke7 36.Re6+ Kd7
37.Re5 Kd6 38.Re6+ Kxd5 39.Re7 b5 40.Rxh7 Kc4 41.Rh6 Kb3 42.Rxg6 Kxb2 43.Rxa6 Rxc3  0-1

[Event "Luzern ol (Men)"]
[Site "Luzern"]
[Date "1982.??.??"]
[Round "3"]
[White "Bronstein, Luis"]
[Black "Kaenel, Hansjuerg"]
[Result "1-0"]
[WhiteElo "2395"]
[BlackElo "2200"]

1.e4 c5 2.Nf3 e6 3.d4 cxd4 4.Nxd4 Nc6 5.Nc3 Qc7 6.g3 a6 7.Bg2 d6 8.O-O Bd7
9.Nxc6 bxc6 10.Na4 Rd8 11.c4 c5 12.Bf4 Be7 13.Nc3 Nf6 14.Qe2 O-O 15.Rfd1 Bc6
16.Rd3 Nd7 17.Nd5 Bxd5 18.cxd5 e5 19.Bd2 Rb8 20.Rb3 c4 21.Rc1 Rfc8 22.Rxb8 Qxb8
23.Bh3 Rc7 24.Rxc4 Rxc4 25.Qxc4 Qxb2 26.Bc1 Nb6 27.Qc7 Qb1 28.Qxe7 Qxc1+
29.Kg2 g6 30.Be6 fxe6 31.dxe6 Qc8 32.Qf7+ Kh8 33.e7  1-0

[Event "Luzern ol (Men)"]
[Site "Luzern"]
[Date "1982.??.??"]
[Round "4"]
[White "Dunne, David Joseph"]
[Black "Frias, Victor J"]
[Result "0-1"]
[WhiteElo "2310"]
[BlackElo "2440"]

1.e4 c5 2.Nf3 e6 3.d4 cxd4 4.Nxd4 Nc6 5.Nc3 d6 6.g3 a6 7.Bg2 Nge7 8.Nde2 Ng6
9.O-O Be7 10.f4 O-O 11.h4 Bf6 12.Be3 Qc7 13.h5 Nge7 14.h6 g6 15.Qd2 d5 16.exd5 exd5
17.Nd4 Bg4 18.Nxd5 Nxd5 19.Bxd5 Rad8 20.Bxc6 bxc6 21.b4 c5 22.bxc5 Qxc5 23.c3 Rd5
24.Rfe1 Rh5 25.Rac1 Qd5  0-1

[Event "Luzern ol (Men)"]
[Site "Luzern"]
[Date "1982.??.??"]
[Round "4"]
[White "Sigurjonsson, Gudmundur"]
[Black "Small, Vernon A"]
[Result "1/2-1/2"]
[WhiteElo "2470"]
[BlackElo "2290"]

1.e4 c5 2.Nf3 e6 3.d4 cxd4 4.Nxd4 Nc6 5.Nc3 a6 6.f4 Nge7 7.Be3 Nxd4 8.Qxd4 b5
9.a3 Nc6 10.Qd2 Qa5 11.Bd3 b4 12.Ne2 bxa3 13.Qxa5 Nxa5 14.bxa3 Nb7 15.Kd2 Bc5
16.Nd4 Ba7 17.Rhb1 Nc5 18.a4 Ke7 19.a5 Bb7 20.Nf5+ exf5 21.Bxc5+ Bxc5 22.Rxb7 fxe4
23.Bxe4 Rab8 24.Rab1 Bd6 25.g3 Bc7 26.Rxb8 Rxb8 27.Rxb8 Bxb8  1/2-1/2

[Event "Luzern ol (Men)"]
[Site "Luzern"]
[Date "1982.??.??"]
[Round "4"]
[White "Upton, Timothy J"]
[Black "Schmidt, Wlodzimierz"]
[Result "1/2-1/2"]
[WhiteElo "2295"]
[BlackElo "2475"]

1.e4 c5 2.Nf3 e6 3.d4 cxd4 4.Nxd4 Nc6 5.Nc3 a6 6.Be2 d6 7.O-O Nf6 8.Be3 Be7
9.f4 O-O 10.Qe1 Nxd4 11.Bxd4 b5 12.Rd1 Bb7 13.Bf3 Qc7 14.e5 dxe5 15.fxe5 Nd7
16.Bxb7 Qxb7 17.Ne4 Qc7 18.Qg3 Rad8 19.c3 f5 20.exf6 Qxg3 21.f7+ Rxf7 22.Nxg3 Rxf1+
23.Kxf1 Nf6 24.Ke2 Kf7 25.Rf1 Kg6 26.Rf3 Rd5 27.Re3 Kf7 28.Ne4 Rf5 29.Bxf6 gxf6
30.Rd3 Re5 31.Kf3 Rf5+ 32.Ke2  1/2-1/2

[Event "EUchT qual"]
[Site "Luzern"]
[Date "1982.??.??"]
[Round "5"]
[White "Schmid, Lothar"]
[Black "Wirthensohn, Heinz"]
[Result "1/2-1/2"]
[WhiteElo "2525"]
[BlackElo "2435"]

1.e4 c5 2.Nf3 e6 3.d4 cxd4 4.Nxd4 Nc6 5.Nc3 d6 6.Be3 Be7 7.Be2 Nf6 8.O-O O-O
9.f4 e5 10.Nb3 exf4 11.Rxf4 Nd7 12.Rf2 Nde5 13.Qd2 Ng4 14.Bxg4 Bxg4 15.Nd4 Nxd4
16.Bxd4 Bg5 17.Qd3 Be6 18.Qb5 Qe7 19.Nd5 Qd7 20.Qb3 f6 21.Qg3 Bxd5 22.exd5 Rae8
23.Bxa7 Qa4 24.Qa3 Qxa3 25.bxa3 Re4  1/2-1/2

[Event "Luzern ol (Men)"]
[Site "Luzern"]
[Date "1982.??.??"]
[Round "5"]
[White "Maninang, Rafaelito"]
[Black "Abreu, Jorge D"]
[Result "0-1"]
[WhiteElo "2380"]
[BlackElo "2330"]

1.e4 c5 2.Nf3 Nc6 3.Nc3 e6 4.d4 cxd4 5.Nxd4 d6 6.Be3 Nge7 7.Nb3 Ng6 8.Qd2 Be7
9.Be2 a6 10.a4 Na5 11.Nxa5 Qxa5 12.O-O Bd7 13.f4 Rc8 14.Rfd1 Qc7 15.a5 O-O
16.Bd3 Bc6 17.Bb6 Qb8 18.Qe3 Bf6 19.Kh1 Rfe8 20.Rab1 Nf8 21.Qh3 Bd8 22.b4 Bxb6
23.axb6 Bd7 24.Rb3 Rc6 25.Qe3 Qc8 26.e5 dxe5 27.fxe5 Qd8 28.Na4 Rc8 29.Nb2 Qh4
30.Be4 Bc6 31.Bxc6 Rxc6 32.c4 Ng6 33.Rbd3 h6 34.Rd7 Re7 35.Rxe7 Nxe7 36.g3 Qg4
37.Rd8+ Kh7 38.Qd3+ Nf5 39.Rd6 Rc8 40.Kg2 Kg8 41.Rd7 Nh4+ 42.Kf2 Ng6 43.Qe2 Qf5+
44.Kg2 Nxe5 45.Rxb7 Rd8 46.Rc7 Qg5 47.b7 Rd2 48.b8=Q+ Kh7 49.Kf1 Qf5+ 50.Ke1 Rxe2+
51.Kxe2 Qc2+ 52.Kf1 Qc1+ 53.Kg2 Qxb2+ 54.Kh3 Qe2 55.Qb7 Nf3 56.Rxf7 Qf1+
57.Kg4 Ne5+ 58.Kh4 Qxf7  0-1

[Event "Luzern ol (Men)"]
[Site "Luzern"]
[Date "1982.??.??"]
[Round "5"]
[White "Upton, Timothy J"]
[Black "Pelts, Roman"]
[Result "1/2-1/2"]
[WhiteElo "2295"]
[BlackElo "2450"]

1.e4 c5 2.Nf3 e6 3.d4 cxd4 4.Nxd4 Nc6 5.Nc3 d6 6.Be2 Nf6 7.O-O Be7 8.Be3 Bd7
9.f4 Nxd4 10.Bxd4 Bc6 11.Bf3 O-O 12.Qe2 Qa5 13.a3 e5 14.Be3 exf4 15.Bxf4 Rfe8
16.Qd3 Rad8 17.b4 Qc7 18.Rad1 a6 19.a4 Bd7 20.Be3 Be6 21.Nd5 Bxd5 22.exd5 Rc8
23.Rc1 Qc4 24.Qd2 Bf8 25.c3 Nd7 26.Bd4 Ne5 27.Qf2 g6 28.Rcd1 Rc7 29.Be2 Qa2
30.a5 f5 31.b5 Nc4 32.Bxc4 Qxc4 33.bxa6 bxa6 34.Rfe1 Rce7 35.Rxe7 Rxe7 36.Qh4 Rf7
37.Re1 Qxd5 38.Re8 Qb5 39.Qe1 Qxa5 40.Qe6 Qc7 41.Ra8 Qe7 42.Qxe7 Rxe7 43.Rxa6 Re4
44.Ra7 Be7 45.Ra8+ Bf8 46.Ra7 h6 47.Kf2 Be7 48.g3 Kf7 49.Ra8 h5 50.Kf3 h4
51.Rh8 hxg3 52.hxg3 Rg4 53.Rc8 Bg5 54.Ra8 Ke6 55.Ra6 Bc1  1/2-1/2

[Event "Luzern ol (Men)"]
[Site "Luzern"]
[Date "1982.??.??"]
[Round "6"]
[White "Radulov, Ivan"]
[Black "Frias, Victor J"]
[Result "1/2-1/2"]
[WhiteElo "2480"]
[BlackElo "2440"]

1.e4 c5 2.Nf3 e6 3.d4 cxd4 4.Nxd4 Nc6 5.Nc3 a6 6.Be3 Nf6 7.Bd3 d6 8.O-O Be7
9.Kh1 Nxd4 10.Bxd4 e5 11.Be3 Be6 12.Qe2 O-O 13.Rad1 Rc8 14.f3 Qc7 15.Qf2 b5
16.a3 Qb7 17.Rfe1 h6 18.Qe2 Rc6 19.Bd2 Bd8 20.Rf1 Re8 21.Qf2 Qb6 22.Qxb6 Bxb6
23.Rfe1 Bf2 24.Re2 Bd4 25.Rb1 Rb8 26.Ree1 Bc4  1/2-1/2

[Event "Luzern ol (Men)"]
[Site "Luzern"]
[Date "1982.??.??"]
[Round "7"]
[White "Ostos, Julio"]
[Black "Kaenel, Hansjuerg"]
[Result "0-1"]
[WhiteElo "2385"]
[BlackElo "2200"]

1.e4 c5 2.Nf3 e6 3.d4 cxd4 4.Nxd4 Nc6 5.Nc3 a6 6.g3 Nf6 7.Bg2 Bb4 8.O-O Qc7
9.Bf4 e5 10.Nf5 exf4 11.Nd5 Nxd5 12.exd5 Qe5 13.dxc6 dxc6 14.Nd4 O-O 15.c3 Bc5
16.Re1 Qf6 17.Re4 fxg3 18.hxg3 Bxd4 19.Rxd4 Be6 20.Qa4 Rad8 21.Rad1 Rxd4
22.Rxd4 Qe5 23.Qd1 g6 24.a3 Re8 25.Rb4 Qc7 26.Qd2 h5 27.Kh2 Kh7 28.Rd4 Bg4
29.Bf3 Bxf3 30.Rd7 Re1 31.Rxf7+ Qxf7 32.Qxe1 Bd5 33.f4 Qe6 34.Qf1 Qe4 35.b4 Qc2+
36.Kg1 Qxc3 37.Kh2 Qb2+ 38.Kg1 Qxa3 39.Qe1 Qb2  0-1

[Event "Luzern ol (Men)"]
[Site "Luzern"]
[Date "1982.??.??"]
[Round "7"]
[White "Sax, Gyula"]
[Black "Ost Hansen, Jacob"]
[Result "1-0"]
[WhiteElo "2560"]
[BlackElo "2410"]

1.e4 c5 2.Nf3 e6 3.d4 cxd4 4.Nxd4 Nc6 5.Nc3 a6 6.Nxc6 bxc6 7.Bd3 d5 8.O-O Nf6
9.Re1 Be7 10.e5 Nd7 11.Qg4 g6 12.Bh6 Rb8 13.Qh3 Rg8 14.b3 Qc7 15.Na4 c5 16.c4 d4
17.Qg3 Bb7 18.f4 Bf8 19.Qh4 Bc6 20.Nb2 g5 21.fxg5 Qd8 22.Be4 Bxh6 23.Bxc6 Bxg5
24.Qxh7 Ke7 25.Nd3 Qf8 26.Qe4 Rc8 27.Rad1 Nb8 28.Ba4 Qd8 29.Nf2 Qc7 30.Ng4 Rg7
31.b4 cxb4 32.Rxd4 Kf8 33.Rf1 Be7 34.Kh1 Qa5 35.Bb3 Qb6 36.Nf6 Rd8 37.Rxd8+ Qxd8
38.Qh4 Bxf6 39.exf6  1-0

[Event "Luzern ol (Men)"]
[Site "Luzern"]
[Date "1982.??.??"]
[Round "7"]
[White "Schneider, Lars Ake"]
[Black "Campos Moreno, Javier B"]
[Result "1-0"]
[WhiteElo "2455"]
[BlackElo "2395"]

1.e4 c5 2.Nf3 e6 3.d4 cxd4 4.Nxd4 Nc6 5.Nc3 Qc7 6.f4 d6 7.Be2 a6 8.Be3 Nf6
9.O-O Be7 10.Qe1 O-O 11.Qg3 Bd7 12.Kh1 b5 13.e5 Ne8 14.Rad1 Rc8 15.Nf3 f5
16.exf6 Nxf6 17.Ng5 h6 18.Nge4 d5 19.Nc5 Rcd8 20.Nxd7 Rxd7 21.Bf3 d4 22.Bxc6 Qxc6
23.Bxd4 Rfd8 24.Be5 Rxd1 25.Nxd1 Qxc2 26.Ne3 Qe4 27.Ng4 Kf7 28.h3 Nxg4 29.Qxg4 Bf6
30.Bxf6 gxf6 31.Rc1 Rd7 32.Rc8 Qh7 33.Qh5+ Ke7 34.Re8+ Kd6 35.Qd1+ Kc7 36.Qc1+ Kb6
37.Rxe6+ Ka7 38.Qc5+ Kb8 39.Qb6+  1-0

[Event "Luzern ol (Men)"]
[Site "Luzern"]
[Date "1982.??.??"]
[Round "8"]
[White "Van Riemsdijk, Herman C"]
[Black "Kaenel, Hansjuerg"]
[Result "1-0"]
[WhiteElo "2370"]
[BlackElo "2200"]

1.e4 c5 2.Nf3 e6 3.d4 cxd4 4.Nxd4 Nc6 5.Nc3 a6 6.g3 Nf6 7.Bg2 Bb4 8.O-O Qc7
9.Nce2 O-O 10.c4 Rd8 11.Nc2 Be7 12.Bf4 d6 13.Rc1 b6 14.Na3 Bb7 15.Nc3 Ne5
16.h3 Rac8 17.Be3 Ned7 18.Qe2 Qb8 19.Rfe1 Qa8 20.Bd4 Re8 21.f4 Red8 22.Bf2 Ne8
23.Na4 Qa7 24.Nc2 Nc5 25.Nc3 Bf6 26.Nd4 Qa8 27.b4 Nd7 28.Nb3 a5 29.Na4 axb4
30.Nxb6 Nxb6 31.Bxb6 Rd7 32.Red1 Qa6 33.Qf2 Bd8 34.Bxd8 Rdxd8 35.Rd4 Qb6
36.Rcd1 Ba6 37.e5 Qb8 38.Qd2 Qa7 39.Kh2 Rd7 40.exd6 Bxc4 41.Qxb4  1-0

[Event "Luzern ol (Men)"]
[Site "Luzern"]
[Date "1982.??.??"]
[Round "8"]
[White "Murrey, Jacob"]
[Black "Arnason, Jon L"]
[Result "1-0"]
[WhiteElo "2500"]
[BlackElo "2455"]

1.e4 c5 2.Nf3 e6 3.d4 cxd4 4.Nxd4 Nc6 5.Nc3 Nf6 6.Bf4 d6 7.Ndb5 e5 8.Bg5 a6
9.Na3 Be6 10.Nc4 Rc8 11.Nd5 Bxd5 12.Bxf6 gxf6 13.Qxd5 b5 14.Ne3 Bh6 15.Nf5 Nb4
16.Nxd6+ Kd7 17.Bxb5+ axb5 18.Qxb5+ Ke6 19.Rd1 Nxc2+ 20.Ke2 Qxd6 21.Qb3+ Ke7
22.Rxd6 Kxd6 23.Rd1+ Nd4+ 24.Kf1 Bc1 25.Qxf7 Rhf8 26.Qd5+ Ke7 27.Qb7+ Ke6
28.Rd3 Bd2 29.g3 Rc1+ 30.Kg2 Be1 31.Ra3 Rfc8 32.Ra7 R8c7 33.Qxc7 Rxc7 34.Rxc7 h6
35.Rc4 f5 36.exf5+ Kxf5 37.f4 Ke4 38.fxe5 Kxe5 39.b4 Kd5 40.Rc5+ Kd6 41.a3 Bd2
42.Kf2 Ke6 43.b5 Kd6 44.Rc8 Kd7 45.Rc5 Kd6 46.Rh5 Ne6 47.b6 Kc6 48.a4 Kb7
49.Ke2 Bc1 50.Kd1 Ba3 51.Rxh6 Nd4 52.a5 Ka6 53.g4  1-0